00436 a2200109 4500020001500000082001100015100001200026245022100038260004300259300000900302500001500311 a0471104523 a378.73 aCoopers aReinventing the University: Managing and Financing Institutions of Higher Education (Wiley Nonprofit Law, Finance and Management Series)bManaging and Financing Institutions of Higher EducationcCoopers & Lybrand LLP aNew YorkbJohn Wiley & Sons,Inc.c1995 a401p aHard cover